Catálogo

La cazadora de Indiana Jones / (Registro nro. 40045)

Detalles MARC
000 -LEADER
fixed length control field 01263cam a2200349 i 4500
001 - CONTROL NUMBER
control field 40045
003 - CONTROL NUMBER IDENTIFIER
control field Mx-PuUPA
005 - DATE AND TIME OF LATEST TRANSACTION
control field 20250827135415.0
008 - FIXED-LENGTH DATA ELEMENTS--GENERAL INFORMATION
fixed length control field 140415s2009 mx gr 000 f spa d
020 ## - INTERNATIONAL STANDARD BOOK NUMBER
International Standard Book Number 9786074711462
020 ## - INTERNATIONAL STANDARD BOOK NUMBER
International Standard Book Number 9789687791760
Qualifying information de la colección El Barco de Vapor
040 ## - CATALOGING SOURCE
Original cataloging agency Mx-PuUPA
Language of cataloging spa
Transcribing agency Mx-PuUPA
Modifying agency Mx-PuUPA
Description conventions rda
041 0# - LANGUAGE CODE
Language code of text/sound track or separate title spa
100 1# - MAIN ENTRY--PERSONAL NAME
Personal name Balzola, Asun,
Dates associated with a name 1942-2006
9 (RLIN) 17063
Relator term autor
245 13 - TITLE STATEMENT
Title La cazadora de Indiana Jones /
Statement of responsibility, etc. Asun Balzola
250 ## - EDITION STATEMENT
Edition statement Primera edición
264 #1 - PRODUCTION, PUBLICATION, DISTRIBUTION, MANUFACTURE, AND COPYRIGHT NOTICE
Place of production, publication, distribution, manufacture México, D. F. :
Name of producer, publisher, distributor, manufacturer SM de Ediciones,
Date of production, publication, distribution, manufacture, or copyright notice 2009
300 ## - PHYSICAL DESCRIPTION
Extent 103 páginas ;
Dimensions 19 cm
336 ## - CONTENT TYPE
Fuente rdacontent
Content type term texto
Content type code txt
337 ## - MEDIA TYPE
Source rdamedia
Media type term sin medio
Media type code n
338 ## - CARRIER TYPE
Source rdacarrier
Carrier type term volumen
Carrier type code nc
490 1# - SERIES STATEMENT
Series statement El barco de vapor. Roja ;
Volume/sequential designation 32 M
600 14 - SUBJECT ADDED ENTRY--PERSONAL NAME
Personal name Jones, Indiana, (Personaje ficticio)
Form subdivision Novela juvenil
650 #7 - SUBJECT ADDED ENTRY--TOPICAL TERM
Source of heading or term armarc
Topical term or geographic name entry element Literatura juvenil española
Chronological subdivision Siglo XX
650 #7 - SUBJECT ADDED ENTRY--TOPICAL TERM
Source of heading or term armarc
Topical term or geographic name entry element Identidad
General subdivision Aceptación
-- Literatura infantil
655 #7 - INDEX TERM--GENRE/FORM
Source of term armarc
Genre/form data or focus term Cuentos infantiles españoles
830 #3 - SERIES ADDED ENTRY--UNIFORM TITLE
Uniform title El barco de vapor.
Name of part/section of a work Roja ;
Volume/sequential designation 32 M
942 ## - ADDED ENTRY ELEMENTS (KOHA)
Source of classification or shelving scheme Dewey Decimal Classification
Koha item type Libro
Classification part 863
Item part B
Existencias
Withdrawn status Lost status Source of classification or shelving scheme Damaged status Not for loan Collection code Home library Current library Shelving location Date acquired Source of acquisition Total Checkouts Full call number Barcode Date last seen Price effective from Koha item type
    Dewey Decimal Classification   En catalogación General Biblioteca Karol Wojtyla Biblioteca Karol Wojtyla Procesos técnicos 03/12/2013 Donación   863 60113 05/01/2026 03/12/2013 Libro